000 01661aam a2200325 i 4500
001 768714001
003 CO-MdFUSB
005 20231017172051.0
007 ta
008 231010t19981998us ||||g |||| 00| 0 spa d
020 _a9780883685389
040 _aCO-MdFUSB
_bspa
_cCO-MdFUSB
_dCO-MdFUSBC
_erda
041 _aspa
_heng
082 _223
_a231.3
_bSP772
100 1 _aSpurgeon, C. H.
_d1834-1892
_eautor
240 _aHoly Spirit Power
245 _aPoder del Espíritu Santo
_c/ Charles Spurgeon
264 1 _aEstados Unidos :
_bWhitaker House,
_c[1998]
264 4 _c©1998
300 _a144 páginas
_c; 22 cm
336 _2rdacontent
_atexto
_btxt
337 _2rdamedia
_asin mediación
_bn
338 _2rdacarrier
_avolumen
_bnc
505 _aEl Consolador -- El poder del Espíritu Santo -- El Espíritu Santo, el gran maestro -- La obra del Espíritu Santo -- El pacto, la promesa del Espíritu -- Miel en la boca.
520 _aUn amigo poderoso. Conocer el Espíritu Santo es descubrirlo como eterno y afectuoso amigo, y poderoso ayudador. El anhela que le conozcas como a una persona. Tan real como Jesucristo. A partir de las Escrituras, Spurgeon demuestra que el Espíritu Santo desea ser nuestro Consolador. Maestro, y poderoso Ayudador. La milagrosa nueva vida que los primeros cristianos vivieron sorprendió al mundo y lo "revoluciono." Hoy, muchas personas reciben sanidades, milagros y dones del Espíritu Santo además del amor, gozo y paz que El ofrece gratuitamente. Tú puedes conocerle y experimentar si milagroso poder.
563 _aRústico
650 0 _950
_aEspíritu Santo
942 _cBK
945 _asor1564
999 _c69136
_d69136